<?xml version="1.0" encoding="UTF-8"?>
<record
    xmlns:xsi="http://www.w3.org/2001/XMLSchema-instance"
    xsi:schemaLocation="http://www.loc.gov/MARC21/slim http://www.loc.gov/standards/marcxml/schema/MARC21slim.xsd"
    xmlns="http://www.loc.gov/MARC21/slim">

  <leader>00911nam a22002057a 4500</leader>
  <controlfield tag="003">BDDh-ASL</controlfield>
  <controlfield tag="005">20231015031309.0</controlfield>
  <controlfield tag="008">230403n        ii ||||| |||| 00| 0 b   d</controlfield>
  <datafield tag="040" ind1=" " ind2=" ">
    <subfield code="c">BDDh-ASL</subfield>
  </datafield>
  <datafield tag="041" ind1=" " ind2=" ">
    <subfield code="a">bengali </subfield>
  </datafield>
  <datafield tag="082" ind1=" " ind2=" ">
    <subfield code="a">954</subfield>
    <subfield code="b">AND</subfield>
  </datafield>
  <datafield tag="245" ind1="0" ind2="0">
    <subfield code="a">&#x985;&#x9A8;&#x9CD;&#x9A7;&#x995;&#x9C2;&#x9AA; &#x9B9;&#x9A4;&#x9CD;&#x9AF;&#x9BE;: </subfield>
    <subfield code="b">(&#x9AC;&#x9BE;&#x999;&#x9BE;&#x9B2;&#x9C0;&#x9B0; &#x9A6;&#x9C3;&#x9B7;&#x9CD;&#x99F;&#x9BF;&#x9A4;&#x9C7;) /</subfield>
    <subfield code="c">&#x9AC;&#x9BE;&#x9B0;&#x9BF;&#x9A6;&#x9AC;&#x9B0;&#x9A3; &#x998;&#x9CB;&#x9B7; (&#x9B8;&#x982;&#x995;&#x9B2;&#x9A8; &#x993; &#x9B8;&#x9AE;&#x9CD;&#x9AA;&#x9BE;.)&#x964; </subfield>
  </datafield>
  <datafield tag="246" ind1=" " ind2=" ">
    <subfield code="a">Andhakoop Haty. </subfield>
  </datafield>
  <datafield tag="260" ind1=" " ind2=" ">
    <subfield code="a">&#x995;&#x9B2;&#x9BF;&#x995;&#x9BE;&#x9A4;&#x9BE;: </subfield>
    <subfield code="b">&#x995;&#x9B2;&#x9C7;&#x99C;&#x9B8;&#x9CD;&#x99F;&#x9CD;&#x9B0;&#x9C0;&#x99F; &#x9AA;&#x9BE;&#x9AC;&#x9B2;&#x9BF;&#x995;&#x9C7;&#x9B6;&#x9A8; &#x9AA;&#x9CD;&#x9B0;&#x9BE;: &#x9B2;&#x9BF;&#x9AE;&#x9BF;&#x9A1;&#x9C7;&#x99F;, </subfield>
  </datafield>
  <datafield tag="300" ind1=" " ind2=" ">
    <subfield code="a">&#x9E7;&#x9ED;&#x9E9; &#x200D;&#x9AA;&#x9C3;&#x9B7;&#x9CD;&#x9A0;&#x9BE;: </subfield>
    <subfield code="c">&#x9E8;&#x9E7; &#x9B8;&#x9C7;.&#x9AE;&#x9BF;. </subfield>
  </datafield>
  <datafield tag="650" ind1=" " ind2="0">
    <subfield code="a">History of Calcutta (&#x995;&#x9B2;&#x995;&#x9BE;&#x9A4;&#x9BE;&#x9B0; &#x987;&#x9A4;&#x9BF;&#x9B9;&#x9BE;&#x9B8;)</subfield>
    <subfield code="9">7533</subfield>
  </datafield>
  <datafield tag="650" ind1=" " ind2="0">
    <subfield code="a">&#x985;&#x9A8;&#x9CD;&#x9A7;&#x995;&#x9C2;&#x9AA; &#x9B9;&#x9A4;&#x9CD;&#x9AF;&#x9BE; Andhakoop Hatta</subfield>
    <subfield code="9">7859</subfield>
  </datafield>
  <datafield tag="700" ind1="1" ind2=" ">
    <subfield code="a">&#x998;&#x9CB;&#x9B7;, &#x9AC;&#x9BE;&#x9B0;&#x9BF;&#x9A6;&#x9AC;&#x9B0;&#x9A3;</subfield>
    <subfield code="9">7860</subfield>
  </datafield>
  <datafield tag="942" ind1=" " ind2=" ">
    <subfield code="2">ddc</subfield>
    <subfield code="c">BK</subfield>
  </datafield>
  <datafield tag="952" ind1=" " ind2=" ">
    <subfield code="0">0</subfield>
    <subfield code="1">0</subfield>
    <subfield code="2">ddc</subfield>
    <subfield code="4">0</subfield>
    <subfield code="7">0</subfield>
    <subfield code="8">NFIC</subfield>
    <subfield code="a">ASL</subfield>
    <subfield code="b">ASL</subfield>
    <subfield code="c">GEN</subfield>
    <subfield code="d">2023-04-03</subfield>
    <subfield code="e">Donated by Professor Husniara Huq - A. K. M. Azizul Haq Collection</subfield>
    <subfield code="l">0</subfield>
    <subfield code="o">954 AND</subfield>
    <subfield code="p">120360</subfield>
    <subfield code="r">2023-04-03 00:00:00</subfield>
    <subfield code="t">C-1</subfield>
    <subfield code="w">2023-04-03</subfield>
    <subfield code="y">BK</subfield>
  </datafield>
  <datafield tag="999" ind1=" " ind2=" ">
    <subfield code="c">31649</subfield>
    <subfield code="d">31649</subfield>
  </datafield>
</record>
